LEADER 00576nab a2200169 i 4500 001 000000290861 003 CaOOAMICUS 005 20170420000000.0 008 170420n xx uu u0 0und r 013 $a46057 020 $a978-3-7917-2896-4 040 $aSeMil$bita 245 10$aSakrale Räume heute. - Titolo dalla copertina. 500 $aApril 2017. 773 0 $t2017.$dRegensburg : Friedrich Pustet, 2017.$w()253150 996 $6020$a978-3-7917-2896-4$9(OLS)http://semarc/number/268184 996 $6245$aSakrale Räume heute. - Titolo dalla copertina.$9(OLS)http://semarc/title/414757 LEADER 00561nab a2200145 i 4500 001 000000310048 003 CaOOAMICUS 005 20180831173006.0 008 180831n xx uu u0 0und r 013 $a19142 040 $aSeMil$bita 100 1 $aCasoli, Pier Biagio <1852-1905>.$0(OLS)http://semarc/name/23409 245 13$aIl giornalismo, il liberalismo e il lavoro di Luigi Veuillot nell?Univers. 773 0 $t[Gennaio-Giugno].$g554-566$w()273952 996 $6245$aIl giornalismo, il liberalismo e il lavoro di Luigi Veuillot nell?Univers$9(OLS)http://semarc/title/384984